Motivation at work / (Record no. 2219)
[ view plain ]
| 000 -LEADER | |
|---|---|
| fixed length control field | 00614pam a2200169 a 4500 |
| 020 ## - INTERNATIONAL STANDARD BOOK NUMBER | |
| ISBN | 1556238681 (recycled paper) |
| 050 00 - CALL NUMBER | |
| Classification number | HF5549.5.M63 |
| Item number | M566 1994 |
| 100 1# - AUTHOR | |
| Personal name | Miskell, Jane R. |
| 245 10 - TITLE | |
| Title | Motivation at work / |
| Statement of responsibility, etc | Jane R. Miskell, Vincent Miskell. |
| 260 ## - PUBLICATION INFORMATION | |
| Place of publication | Burr Ridge, Ill. : |
| Name of publisher | Business One Irwin/Mirror Press, |
| Year of publication | c1994. |
| 300 ## - DESCRIPTION | |
| Number of Pages | xvi, 75 p. : |
| Other physical details | ill. ; |
| Dimensions | 26 cm. |
| 440 #4 - SERIES | |
| SERIES | The Business skills express series |
| 505 ## - FORMATTED CONTENTS NOTE | |
| Table of Content | Creating cameraderie Preparing the new employee Resolving conflicts Motivational techniques. |
| 650 #0 - SUBJECTS | |
| Topical Term | Employee motivation. |
| 700 1# - OTHER AUTHORS | |
| Personal name | Miskell, Vincent. |
| 942 ## - ADDED ENTRY ELEMENTS (KOHA) | |
| Koha item type | Books |
| Withdrawn status | Lost status | Collection code | Home library | Current library | Shelving location | Date acquired | Full call number | Accession Number | Koha item type |
|---|---|---|---|---|---|---|---|---|---|
| Reference | Methodist University Library Main | Methodist University Library Main | General Stacks | 05/02/202 | HF5549.5.M63 M566 1994 | 12795 | Books | ||
| Reference | Methodist University Library Main | Methodist University Library Main | General Stacks | 05/02/202 | HF5549.5.M63 M566 1994 | 10944 | Books | ||
| Non-fiction | Methodist University Library Main | Methodist University Library Main | General Stacks | 05/02/202 | HF5549.5.M63 M566 1994 | 10942 | Books |